Statistiken für Top 15 der betroffenen Covid-19-Länder - 5. Juli

Klicken Sie hier um das Quiz zu spielen!

Allgemein

  • Dieses Quiz wurde 22 mal gespielt
  • Das Durchschnittsergebnis liegt bei 14 aus 25

Antwortstatistiken

Land% Korrekt
Russland
100%
Brasilien
95%
Deutschland
95%
Vereinigtes Königreich
95%
Vereinigte Staaten
95%
Italien
90%
Mexiko
80%
Indien
75%
Spanien
75%
Peru
70%
Schweden
65%
Türkei
65%
Chile
60%
Chile
60%
Iran
60%
Saudi-Arabien
40%
Katar
30%
Kuwait
30%
Pakistan
30%
Armenien
20%
Bahrain
20%
Singapur
20%
Weißrussland
20%
Oman
10%
Panama
5%

Verteilung der Resultate

Perzentil nach korrekt beantworteten Fragen

Anzahl Personen mit jedem Resultat

Ihre Resultats-Entwicklung

Sie haben dieses Quiz noch nicht gespielt